NBA players jersey numbers 2023 - Statistics

General Stats
  • This quiz has been taken 457 times
  • The average score is 29 of 30
Answer Stats
Hint Answer % Correct
Damian Lillard 0
100%
Jayson Tatum 0
100%
Tyrese Haliburton 0
100%
SGA 2
100%
Bradley Beal 3
100%
Josh Giddey 3
100%
Lebron James 6
100%
James Harden 1
99%
Zion Williamson 1
99%
Anthony Edwards 1
99%
Lamelo Ball 1
99%
Steph Curry 30
99%
Giannis Antetokounmpo 34
99%
Jaylen Brown 7
99%
Ja Morant 12
98%
Paul George 13
98%
Kevin Durant 35
97%
Trae Young 11
96%
Nikola Jokic 15
96%
Joel Embiid 21
96%
Paolo Banchero 5
96%
Dejounte Murray 5
96%
Luka Doncic 77
96%
Zach Lavine 8
96%
Jimmy Butler 22
93%
Darius Garland 10
91%
Bol Bol 10
91%
Donovan Mitchell 45
91%
Kyle Kuzma 33
85%
Alperen Sengun 28
83%
No matching quizzes found
Score Distribution
Percent of People with Each Score
Percentile by Number Answered
Your Score History
You have not taken this quiz